| 000 | 00626nam a22002417a 4500 | ||
|---|---|---|---|
| 003 | OSt | ||
| 005 | 20140310183022.0 | ||
| 008 | 130215t xxu||||| |||| 00| 0 eng d | ||
| 020 | _a9789712351273 | ||
| 050 |
_aPE1128 _b.T47 2008 |
||
| 082 |
_aFIL 428.24 _bM27 2008 |
||
| 245 | _aTEST : Total English Skills Training : an english plus textbook | ||
| 260 |
_aManila _b Rex Book Store _c2008 |
||
| 300 |
_a161 p. _c23 cm. |
||
| 521 | _acollege students | ||
| 526 | _c1210L-1700L | ||
| 541 | _j1 | ||
| 541 | _j2 | ||
| 541 | _j3 | ||
| 541 | _j4 | ||
| 562 | _e4 | ||
| 942 |
_2lcc _cBK _kFIL |
||
| 999 |
_c18378 _d18378 |
||